<?xml version="1.0" encoding="UTF-8"?>
<record
    xmlns:xsi="http://www.w3.org/2001/XMLSchema-instance"
    xsi:schemaLocation="http://www.loc.gov/MARC21/slim http://www.loc.gov/standards/marcxml/schema/MARC21slim.xsd"
    xmlns="http://www.loc.gov/MARC21/slim">

  <leader>07603nam a22003731a 4500</leader>
  <controlfield tag="001">4510259</controlfield>
  <controlfield tag="005">20160331020003.0</controlfield>
  <controlfield tag="008">980806s1999    paua     b    001 0 eng d</controlfield>
  <datafield tag="010" ind1=" " ind2=" ">
    <subfield code="a">98087453</subfield>
  </datafield>
  <datafield tag="020" ind1=" " ind2=" ">
    <subfield code="a">1566766958</subfield>
  </datafield>
  <datafield tag="035" ind1=" " ind2=" ">
    <subfield code="a">(OCoLC)40557151</subfield>
  </datafield>
  <datafield tag="040" ind1=" " ind2=" ">
    <subfield code="a">NRNC</subfield>
    <subfield code="c">NRNC</subfield>
    <subfield code="d">NmU</subfield>
    <subfield code="d">DLC</subfield>
  </datafield>
  <datafield tag="042" ind1=" " ind2=" ">
    <subfield code="a">lccopycat</subfield>
  </datafield>
  <datafield tag="043" ind1=" " ind2=" ">
    <subfield code="a">n-us---</subfield>
  </datafield>
  <datafield tag="050" ind1="0" ind2="0">
    <subfield code="a">LC5146.5</subfield>
    <subfield code="b">.L43 1999</subfield>
  </datafield>
  <datafield tag="082" ind1="0" ind2="4">
    <subfield code="a">LC 5146.5 .L43 1999</subfield>
    <subfield code="2">21</subfield>
  </datafield>
  <datafield tag="245" ind1="0" ind2="0">
    <subfield code="a">Leadership for rural schools : lessons for all educators /</subfield>
    <subfield code="c">edited by Donald M. Chalker.</subfield>
    <subfield code="h">[Text]</subfield>
  </datafield>
  <datafield tag="260" ind1=" " ind2=" ">
    <subfield code="a">Lancaster, Pa.</subfield>
    <subfield code="b">Technomic Pub. Co.</subfield>
    <subfield code="c">c1999</subfield>
  </datafield>
  <datafield tag="300" ind1=" " ind2=" ">
    <subfield code="a">xvi, 308 p. : ill. ; 24 cm.</subfield>
  </datafield>
  <datafield tag="504" ind1=" " ind2=" ">
    <subfield code="a">http://edrev.asu.edu/reviews/rev60.htm Includes bibliographical references and index. Rural setting. Introduction : educational leadership for rural schools / Donald M. Chalker -- Nature of rural schools : trends, perceptions and values / Mary Jean Ronan Herzog, Robert Pittman -- "It's deja vu all over again" : the rural school problem revisited / Penny Smith. Rural leadership : the view from the top. Rural school board / Marilyn L. Grady, Bernita L. Krumm -- Rural superintendent : succeeding or failing as a superintendent in rural schools / Edward W. Chance -- Personnel and human resource functions in the rural school district : some insights and directions / Robert C. Morris, Les Potter -- School improvement / Richard M. Haynes. Rural site-based leadership. Leading rural schools : building relationships and structures / J. Casey Hurley -- Southern schools, Southern teachers : redefining leadership in rural communities / Eleanor Blair Hilty -- Students are people, too / Anna Hicks. Leadership and organization skills for rural school leaders. Rural education : leadership and technology / Robert Houghton -- Nobody is as smart as all of us : collaboration in rural schools / William Clauss -- School-community collaborative vision building : a study of two rural districts / Edward W. Chance -- Politics and decision-making : the rural scene / Donald M. Chalker -- Assessing school district quality : contrasting state and citizens' perspectives / Emil J. Haller, Janie L. Nusser, David H. Monk -- Curriculum needs for a rural native community / Doris Hipps. http://edrev.asu.edu/reviews/rev60.htm Includes bibliographical references and index. Rural setting. Introduction : educational leadership for rural schools / Donald M. Chalker -- Nature of rural schools : trends, perceptions and values / Mary Jean Ronan Herzog, Robert Pittman -- "It's deja vu all over again" : the rural school problem revisited / Penny Smith. Rural leadership : the view from the top. Rural school board / Marilyn L. Grady, Bernita L. Krumm -- Rural superintendent : succeeding or failing as a superintendent in rural schools / Edward W. Chance -- Personnel and human resource functions in the rural school district : some insights and directions / Robert C. Morris, Les Potter -- School improvement / Richard M. Haynes. Rural site-based leadership. Leading rural schools : building relationships and structures / J. Casey Hurley -- Southern schools, Southern teachers : redefining leadership in rural communities / Eleanor Blair Hilty -- Students are people, too / Anna Hicks. Leadership and organization skills for rural school leaders. Rural education : leadership and technology / Robert Houghton -- Nobody is as smart as all of us : collaboration in rural schools / William Clauss -- School-community collaborative vision building : a study of two rural districts / Edward W. Chance -- Politics and decision-making : the rural scene / Donald M. Chalker -- Assessing school district quality : contrasting state and citizens' perspectives / Emil J. Haller, Janie L. Nusser, David H. Monk -- Curriculum needs for a rural native community / Doris Hipps. http://edrev.asu.edu/reviews/rev60.htm</subfield>
  </datafield>
  <datafield tag="505" ind1="0" ind2="0">
    <subfield code="t">http://edrev.asu.edu/reviews/rev60.htm Includes bibliographical references and index. Rural setting. Introduction : educational leadership for rural schools / Donald M. Chalker -- Nature of rural schools : trends, perceptions and values / Mary Jean Ronan Herzog, Robert Pittman -- "It's deja vu all over again" : the rural school problem revisited / Penny Smith. Rural leadership : the view from the top. Rural school board / Marilyn L. Grady, Bernita L. Krumm -- Rural superintendent : succeeding or failing as a superintendent in rural schools / Edward W. Chance -- Personnel and human resource functions in the rural school district : some insights and directions / Robert C. Morris, Les Potter -- School improvement / Richard M. Haynes. Rural site-based leadership. Leading rural schools : building relationships and structures / J. Casey Hurley -- Southern schools, Southern teachers : redefining leadership in rural communities / Eleanor Blair Hilty -- Students are people, too / Anna Hicks. Leadership and organization skills for rural school leaders. Rural education : leadership and technology / Robert Houghton -- Nobody is as smart as all of us : collaboration in rural schools / William Clauss -- School-community collaborative vision building : a study of two rural districts / Edward W. Chance -- Politics and decision-making : the rural scene / Donald M. Chalker -- Assessing school district quality : contrasting state and citizens' perspectives / Emil J. Haller, Janie L. Nusser, David H. Monk -- Curriculum needs for a rural native community / Doris Hipps. http://edrev.asu.edu/reviews/rev60.htm Includes bibliographical references and index. Rural setting. Introduction : educational leadership for rural schools / Donald M. Chalker -- Nature of rural schools : trends, perceptions and values / Mary Jean Ronan Herzog, Robert Pittman -- "It's deja vu all over again" : the rural school problem revisited / Penny Smith. Rural leadership : the view from the top. Rural school board / Marilyn L. Grady, Bernita L. Krumm -- Rural superintendent : succeeding or failing as a superintendent in rural schools / Edward W. Chance -- Personnel and human resource functions in the rural school district : some insights and directions / Robert C. Morris, Les Potter -- School improvement / Richard M. Haynes. Rural site-based leadership. Leading rural schools : building relationships and structures / J. Casey Hurley -- Southern schools, Southern teachers : redefining leadership in rural communities / Eleanor Blair Hilty -- Students are people, too / Anna Hicks. Leadership and organization skills for rural school leaders. Rural education : leadership and technology / Robert Houghton -- Nobody is as smart as all of us : collaboration in rural schools / William Clauss -- School-community collaborative vision building : a study of two rural districts / Edward W. Chance -- Politics and decision-making : the rural scene / Donald M. Chalker -- Assessing school district quality : contrasting state and citizens' perspectives / Emil J. Haller, Janie L. Nusser, David H. Monk -- Curriculum needs for a rural native community / Doris Hipps. http://edrev.asu.edu/reviews/rev60.htm</subfield>
  </datafield>
  <datafield tag="650" ind1=" " ind2="0">
    <subfield code="a">School supervision, Rural</subfield>
    <subfield code="z">United States.</subfield>
  </datafield>
  <datafield tag="650" ind1=" " ind2="0">
    <subfield code="a">Rural schools</subfield>
    <subfield code="z">United States</subfield>
    <subfield code="x">Administration.</subfield>
  </datafield>
  <datafield tag="700" ind1="1" ind2=" ">
    <subfield code="a">Chalker, Donald M.</subfield>
  </datafield>
  <datafield tag="856" ind1="4" ind2="2">
    <subfield code="3">Book review (Education Review)</subfield>
  </datafield>
  <datafield tag="906" ind1=" " ind2=" ">
    <subfield code="a">7</subfield>
    <subfield code="b">cbc</subfield>
    <subfield code="c">copycat</subfield>
    <subfield code="d">2</subfield>
    <subfield code="e">opcn</subfield>
    <subfield code="f">19</subfield>
    <subfield code="g">y-gencatlg</subfield>
  </datafield>
  <datafield tag="922" ind1=" " ind2=" ">
    <subfield code="a">co</subfield>
  </datafield>
  <datafield tag="991" ind1=" " ind2=" ">
    <subfield code="b">c-GenColl</subfield>
    <subfield code="h">LC5146.5</subfield>
    <subfield code="i">.L43 1999</subfield>
    <subfield code="t">Copy 1</subfield>
    <subfield code="w">BOOKS</subfield>
  </datafield>
  <datafield tag="942" ind1="0" ind2="0">
    <subfield code="0">1</subfield>
  </datafield>
  <datafield tag="999" ind1=" " ind2=" ">
    <subfield code="c">35824</subfield>
    <subfield code="d">35824</subfield>
  </datafield>
  <datafield tag="952" ind1=" " ind2=" ">
    <subfield code="0">0</subfield>
    <subfield code="1">0</subfield>
    <subfield code="2">lcc</subfield>
    <subfield code="4">0</subfield>
    <subfield code="7">0</subfield>
    <subfield code="8">GEN</subfield>
    <subfield code="a">CPL</subfield>
    <subfield code="b">CPL</subfield>
    <subfield code="c">GEN</subfield>
    <subfield code="d">2010-03-19</subfield>
    <subfield code="g">37.50</subfield>
    <subfield code="l">4</subfield>
    <subfield code="o">LC 5146.5 .L43 1999</subfield>
    <subfield code="p">R24706X3232</subfield>
    <subfield code="r">2024-08-20 16:11:31</subfield>
    <subfield code="s">2024-04-09</subfield>
    <subfield code="t">1</subfield>
    <subfield code="w">2010-03-19</subfield>
    <subfield code="y">BK</subfield>
  </datafield>
</record>
